1163 1225 1546 1028 1544 1451 1707 1044 1659 1061 1848 1697 1654 1764 1243 1601 1512 1264 1436 1643 1944 1272 1073 1355 1740 1119 1824 1444 1926 1652 1455 1575 1078 1024 1131 1495 1762 1725 1084 1567 1496 1411 1504 1797 1062 1598 1701 1484 1012 1295 1175 1219 1558 1773 1023 1467 1025 1839 1733 1959 1083 1313 1730 1564 1304 1887 1649 1418 1049 1850 1529 1592 1193 1083 1065 1722 1597 1934 1831 1069 1356 1616 1061 1212 1223 1184 1377 1307 1207 1498 1431 1421 1254 1355 1852 1221 1379 1214 1871 BCNSPRNW ULIB Ver.6.0+V

เปลี่ยนเป็นภาษาไทย

Change to English
 แสดงรายละเอียดบรรณานุกรม
  กลับหน้าหลัก

Brief Record : Get Marc (ISO 2709) : E-mail record : QR code < ปิดหน้าต่าง
LEADER : 00000nam 2200000uu 4500
001    13399121025
003     ULIB
008    121030s2551||||th 000 0 tha d
020    ^a9789744140609
040    ^acl
041    ^atha^heng
050  4 ^aHD37^bส866ท
100 1  ^aราฟโฟนี, เมลิสสา
245 10 ^aทักษะการบริหารเวลา =^bManaging time /^cMelissa Raffoni ;แปลและเรียบเรียงโดย สุรีพร พึ่งพุทธคุณ
246 31 ^aManaging time
250    ^aพิมพ์ครั้งที่ 1
260    ^aกรุงเทพฯ :^bเอ็กซเปอร์เน็ท,^c2551
300    ^a179 หน้า ;^c24 ซม.
440  0 ^a คู่มือพัฒนาทักษะผู้นำจากมหาวิทยาลัยฮาร์วาร์ด
650  4 ^aการบริหารเวลา
700 1  ^aRaffoni, Melissa.^tManaging time
700 0  ^aสุรีพร พึ่งพุทธคุณ,^eผู้แปล
945    ^p160^l0^i15369
945    ^p160^l0^i15268
995    ^aทศพร
999    ^aทศพร เกษรทอง
รายการนี้ยังไม่มีแท็ก
คุณยังไม่ได้ล็อกอิน คุณสามารถมีกิจกรรมร่วมกับเว็บไซต์ได้ แต่ต้องล็อกอินก่อน ::
  ล็อกอิน

รายการสื่อสารสนเทศ

ลำดับที่ ประเภท เลขเรียก/บาร์โค้ด สถานที่ สถานะ
1. วิทยาศาสตร์การแพทย์ และสุขภาพ
วิทยาศาสตร์การแพทย์ และสุขภาพ
HD37 ส866ท ฉ.1 
  Barcode: 15268
ห้องสมุดวิทยาเขตสวรรค์ประชารักษ์
►หนังสือทั่วไป
บนชั้น
2. วิทยาศาสตร์การแพทย์ และสุขภาพ
วิทยาศาสตร์การแพทย์ และสุขภาพ
HD37 ส866ท ฉ.2 
  Barcode: 15369
ห้องสมุดวิทยาเขตสวรรค์ประชารักษ์
►หนังสือทั่วไป
บนชั้น

รายการใกล้เคียง
    ผู้แต่ง [ราฟโฟนี, เมลิสสา]

    หัวเรื่อง [การบริหารเวลา]

BibComment


ยังไม่เคยถูกคอมเมนท์

คอมเมนท์ทรัพยากรรายการนี้
  คอมเมนท์: ทักษะการบริหารเว..


 Copyright 2026. Bcnsprnw @Library